000 00754nam a2200193Ia 4500
008 0000001988 sp a 0000000000spa00
090 _aPSP00 R22a
100 1 _aRedondo, Antonio
_d1950
245 1 0 _aAntonio Redondo
_b: pintures, vuptuositat
300 _a[12] p.
_c/ 22 cm.
500 _aExposición realizada en Museu Torre Balldovina Santa Coloma de Gramenet, Barcelona, 1988 \ Con el patronazgo del maestro venezolano Jesús Rafael Soto (q.e.p.d.) \
600 0 0 _aREDONDO, ANTONIO, 1950/
_xTRABAJOS PICTORICOS
650 1 4 _aARTE CONTEMPORANEO ESPAÑOL
650 1 4 _xCATALOGOS
650 1 4 _xEXPOSICIONES
650 1 4 _aPINTORES ESPAÑOLES
650 1 4 _aPINTURA ESPAÑOLA
999 _c6209
_d6209
260 _aBarcelona : Museu Torre Balldovina
_c1988